000
00329 a2200157 4500
001
169795
020
_a
040
_c
Magnum
100
_a
Bandeira, Pedro
240
1
0
_a
Um crime mais que perfeito
_l
por
245
1
0
_a
Um crime mais que perfeito
362
0
_a
1899
440
1
_a
Moderna
697
_a
J/FICCAO
942
_c
BK
999
_c
169795
_d
169795